Loading...

Indian cinema:100 varsham 100cinemakal

Bibliographic Details
Main Author: Madhu,Iravankara
Format: Printed Book
Language:English
Published: Kottayam: D C Books, 2014.
LEADER 00473nam a22001217a 4500
008 151215b xxu||||| |||| 00| 0 eng d
100 |a Madhu,Iravankara 
245 |a Indian cinema:100 varsham 100cinemakal  |c /Madhu,Iravankara 
260 |a Kottayam:   |b D C Books,  |c 2014. 
300 |b 622p. 
942 |c BK 
999 |c 233713  |d 233713 
952 |0 0  |1 0  |4 0  |6 791_430000000000000_9_MAD_I  |7 0  |9 259079  |a MAL  |b MAL  |c ST1  |d 2015-12-15  |g 495.00  |l 5  |o 791.430 9 MAD/I  |p MAL36528  |r 2021-12-14  |s 2021-12-10  |w 2015-12-15  |y BK